Discographie Bekar - Statistiques

Statistiques générales
  • Ce quiz a été pris 136 fois
  • Le résultat moyen est 46 sur 93
Statistiques - réponses
Hint Réponse % Correct
Opinel
80%
Briques rouges B.E
76%
DEHORS
76%
Quand il neigeait encore
76%
Hatem (feat. Georgio)
73%
Laponie (feat. Gradur)
73%
L’inconnue
73%
2K17
71%
Finalement (feat. SDM)
71%
La mort a du goût
71%
L’aube
71%
Magenta
71%
400 pas
69%
Alba L’orchestre
69%
Plus fort
69%
Saisons (feat. Yoa)
69%
Briques rouges
67%
Il existe un endroit (feat. Blandine)
67%
La branche
67%
Plus fort que l’orage A minuit
64%
Effet mer (feat. Zinee)
64%
64%
Orangé
64%
Un matelas sur le sol
64%
Brûle dans le silence
62%
Fenêtre sur mer
62%
Razorlight
62%
Triste
60%
Au-dessus d’un Airbus
58%
Entre 4 murs
58%
Pas du tout
58%
Tourmente
58%
Vont-ils s’entendre ?
58%
Zou
58%
Aparté
56%
Au ralenti
56%
Mirasierra Avalanche
56%
Coloris
56%
Hoodie
56%
Noir Gotham
56%
S line
56%
Bateau ivre
53%
Soleil s’allume
53%
2000’s
51%
Papillon
51%
Sur un banc du quartier…
51%
Le film de ma vie (feat. Roshi)
49%
Aléas
47%
Les secondes…
47%
Téla
47%
2 gouttes d’eau (feat. Georgio)
44%
59dB (feat. Zkr)
44%
fichier/tnf.mp3 (feat. Konga, Sto, Sima, Screen)
44%
Robotisé
44%
Sucré
44%
Vagabond
44%
Boite à gants
42%
Plus fort. Quelqu’un
42%
Soleil de plomb
42%
Tout s’éteint
42%
Vide sentimental (feat. Myth Syzer)
42%
5.9.3 (feat. Lesram)
40%
Regard froid
40%
Boréal 800
38%
Anxiolytique
38%
Avant ça
38%
J’roule
38%
Skit Interstellar
38%
Traverse la ville
38%
Yamamoto
38%
Eric Koston
36%
Interlude
36%
Tiekar
36%
Unique
36%
Les oiseaux chantent
33%
Mon cœur et ma tête
33%
En principe
31%
Maux de tête
31%
Sapologie
31%
Un jour
31%
Un œil sur le monde
31%
Bulle
29%
Kid Cudi
29%
Potion magique (feat. Balao)
29%
Hal & Malcolm
27%
Noir & bleu
27%
Pièces détachées
27%
Sans la pluie
27%
Destinée
24%
Seattle
24%
Byebye
22%
Septième jour
22%
Fisheye (feat. PLK)
13%
Aucun quiz correspondant
Distribution des résultats
% des personnes avec chaque résultat
Percentile par nombre de réponses
Votre historique - résultats
Vous n’avez pas pris ce quiz